Notas sobre el cinematógrafo
Sparad:
| Huvudupphovsman: | |
|---|---|
| Materialtyp: | Bok |
| Språk: | spanska |
| Publicerad: |
Madrid
Ardora
2007
|
| Upplaga: | 1a. ed |
| Ämnen: | |
| Taggar: |
Lägg till en tagg
Inga taggar, Lägg till första taggen!
|
MARC
| LEADER | 00000cam a2200000 a 4500 | ||
|---|---|---|---|
| 001 | UCE0656 | ||
| 003 | CL-VaPUC | ||
| 008 | 140227e20070000sp |||||||||||||||||spa|d | ||
| 020 | |a 8488020074 | ||
| 082 | 0 | 4 | |a 791.43 |b BRE |2 21 |
| 100 | 0 | |a Bresson, Robert |e author |9 266416 | |
| 245 | 1 | 0 | |a Notas sobre el cinematógrafo |
| 250 | |a 1a. ed | ||
| 300 | |a 131 p | ||
| 942 | |c BK | ||
| 945 | |d 20140227 11:27:00 |a dcastane | ||
| 260 | |a Madrid |b Ardora |c 2007 | ||
| 650 | 0 | |a Crítica de cine |9 267411 | |
| 650 | 0 | |a Cineastas |9 335320 | |
| 650 | 0 | |a Directores de cine |9 368705 | |
| 583 | |a last modification |c 20140227 11:27:00 |k Rodrigo Vera | ||
| 999 | |c 354718 |d 354716 | ||
| 952 | |0 0 |1 0 |3 erb |4 0 |6 791_430000000000000_BRE_2007 |7 0 |8 A |9 460865 |a BIBART |b BIBART |i 5057337 |l 1 |o 791.43 BRE 2007 |p 5057337 |r 2025-03-13 |s 2023-09-13 |w 2019-11-23 |y BK |z Catalogado en:20140227 |k ART | ||